000
00251nam a22001097a 4500
008
140529t xxu||||| |||| 00| 0 eng d
020
_a
978-81-8356-383-3
100
_a
A.N. Shukla
_9
924
245
_a
Population Genetics
300
_a
250
942
_2
ddc
_c
BK
999
_c
17162
_d
17162